000 00588ntaaa2200205 4500
003 01
005 20251027203123.0
008 0714s1973 ag 01
040 _aAR-BaBN
_bspa
_cAR-BaBN
_eaacr
_dRIC
082 _a278.2000 V71
100 _aVillalpando, Luis
_929719
245 _aMisión de cien años
250 _a1 ed.
260 _as.d.,
_cs.f.
300 _as.p.
500 _aApuntes sobre la labor de las iglesias Evangélicas en Argentina durante unsiglo de predicación en idioma nacional
650 _aautor
_923984
650 _aArgentina-Evangélicos
_932766
942 _cBK
999 _c26670
_d26670